| 000 -LEADER |
| fixed length control field |
01151pam a2200349 a 4500 |
| 001 - CONTROL NUMBER |
| control field |
013174761 |
| 003 - CONTROL NUMBER IDENTIFIER |
| control field |
Uk |
| 005 - DATE AND TIME OF LATEST TRANSACTION |
| control field |
20230413105252.0 |
| 008 - FIXED-LENGTH DATA ELEMENTS--GENERAL INFORMATION |
| fixed length control field |
050407s2005 enka j 000 0 eng |
| 015 ## - NATIONAL BIBLIOGRAPHY NUMBER |
| National bibliography number |
GBA531105 |
| Source |
bnb |
| 016 7# - NATIONAL BIBLIOGRAPHIC AGENCY CONTROL NUMBER |
| Record control number |
013174761 |
| Source |
Uk |
| 020 ## - INTERNATIONAL STANDARD BOOK NUMBER |
| International Standard Book Number |
0746064209 : |
| 040 ## - CATALOGING SOURCE |
| Original cataloging agency |
StDuBDS |
| Modifying agency |
Uk |
| -- |
KH8 |
| Transcribing agency |
UOX |
| 042 ## - AUTHENTICATION CODE |
| Authentication code |
ukblsr |
| 082 04 - DEWEY DECIMAL CLASSIFICATION NUMBER |
| Classification number |
823.92 SIM |
| Edition number |
22 |
| 100 1# - MAIN ENTRY--PERSONAL NAME |
| Personal name |
Sims, Lesley. |
| Relator term |
Author |
| 240 10 - UNIFORM TITLE |
| Uniform title |
Snow White and the seven dwarfs. |
| Language of a work |
English |
| Version |
(Molvaer) |
| 245 10 - TITLE STATEMENT |
| Title |
Snow White and the seven dwarfs / |
| Statement of responsibility, etc. |
Lesley Sims [from the story by the Brothers Grimm] ; illustrated by Desideria Guicciardini. |
| 260 ## - PUBLICATION, DISTRIBUTION, ETC. |
| Place of publication, distribution, etc. |
London : |
| Name of publisher, distributor, etc. |
Usborne, |
| Date of publication, distribution, etc. |
2005. |
| 300 ## - PHYSICAL DESCRIPTION |
| Extent |
48 p. : |
| Other physical details |
col. ill. ; |
| Dimensions |
21 cm. |
| 336 ## - CONTENT TYPE |
| Content type term |
text |
| Source |
rdacontent |
| 337 ## - MEDIA TYPE |
| Media type term |
unmediated |
| Source |
rdamedia |
| 338 ## - CARRIER TYPE |
| Carrier type term |
volume |
| Source |
rdacarrier |
| 500 ## - GENERAL NOTE |
| General note |
Formerly CIP. |
| Institution to which field applies |
Uk |
| 650 ## - SUBJECT ADDED ENTRY--TOPICAL TERM |
| Topical term or geographic name entry element |
Blanche-Neige (Conte) Romans, |
| Form subdivision |
nouvelles, |
| General subdivision |
etc. pour la jeunesse |
| 650 ## - SUBJECT ADDED ENTRY--TOPICAL TERM |
| Topical term or geographic name entry element |
Children's stories |
| 650 ## - SUBJECT ADDED ENTRY--TOPICAL TERM |
| Topical term or geographic name entry element |
Fairy tales |
| Form subdivision |
Fiction |
| 700 1# - ADDED ENTRY--PERSONAL NAME |
| Personal name |
Guicciardini, Desideria. |
| Relator term |
Illustrator |
| 700 1# - ADDED ENTRY--PERSONAL NAME |
| Personal name |
Grimm, Jacob, |
| Dates associated with a name |
1785-1863. |
| 700 1# - ADDED ENTRY--PERSONAL NAME |
| Personal name |
Grimm, Wilhelm, |
| Dates associated with a name |
1786-1859. |
| 942 ## - ADDED ENTRY ELEMENTS (KOHA) |
| Source of classification or shelving scheme |
|
| Koha item type |
Books - Fiction |